[Event "12th Maria Albulet Memorial 2019"]
[Site "Braila"]
[Date "2019.10.08"]
[Round "8.3"]
[White "Makropoulou, Marina"]
[Black "Doluhanova, Evgeniya"]
[Result "1/2-1/2"]
[WhiteElo "2201"]
[BlackElo "2285"]
[Annotator "TA"]
[PlyCount "325"]
[EventDate "2019.10.02"]
[EventType "swiss"]
[EventCountry "ROU"]
[SourceTitle "playchess.com"]
[Source "ChessBase"]
[SourceQuality "1"]

{[%evp 11,325,10,11,1,3,10,14,0,4,-6,14,17,19,11,0,0,0,0,0,6,25,10,38,33,39,31,26,31,24,0,16,11,9,25,21,9,8,8,9,8,6,7,1,-83,-16,-25,-31,-27,0,-38,-23,-48,-22,-17,-25,-10,454,448,440,67,67,66,67,65,88,87,81,68,68,68,60,60,60,54,59,59,68,53,68,68,68,60,68,68,68,68,79,68,68,54,68,54,259,93,163,78,78,68,68,62,93,62,62,62,62,0,40,0,68,53,53,53,53,53,53,53,53,34,45,40,53,53,53,0,53,40,53,40,53,53,53,0,53,53,53,52,68,53,53,53,53,53,53,53,53,53,53,53,53,53,53,53,53,0,53,35,35,35,35,35,35,19,19,20,35,35,53,35,35,35,34,34,53,53,53,53,53,35,35,35,35,0,35,35,35,35,35,35,35,35,60,35,35,13,64,8,35,35,35,35,35,35,35,34,34,0,34,0,35,0,0,0,0,0,0,0,0,0,0,0,0,0,0,0,0,0,0,0,0,0,0,0,0,0,0,0,0,0,0,0,0,0,0,0,0,0,0,0,0,0,0,0,0,0,0,0,0,0,0,0,0,0,0,0,0,0,0,0,0,0,0,0,0,0,0,0,0,0,0,0,0,0,0,0,0,0,0,0,0,0,0,0,0,0,0,0,0,0,0,0,0,0,0,0,0,0,0,0,0,0,0,0,0,0,0,0]} 1. e4 e5 2. Nf3 Nc6 3. Bb5 Nf6 4. d3 Bc5 5. O-O Nd4 6. Nxd4 Bxd4 7. c3 {C65: Ruy Lopez: Berlin Defence (3...Nf6), unusual lines and 4 0-0 Bc5} Bb6 8. Ba4 O-O 9. Bg5 h6 10. Bh4 c6 (10... g5 $5 11. Bg3 $8 d6 $11) (10... d6 11. Nd2 Bg4 12. Qe1 Be6 13. Bb3 Bxb3 14. axb3 Qe7 15. Nc4 Qe6 16. Bxf6 {½-½ (16) Karjakin,S (2748)-Giri,A (2779) Riga 2019}) 11. Nd2 d6 12. Bc2 $146 ({Predecessor:} 12. h3 g5 13. Bg3 Kg7 14. Nc4 Bc7 {½-½ (36) Garbowski,J (2138)-Sypien,N (1774) Lazy 2018}) 12... g5 13. Bg3 Bg4 14. Qe1 Nh5 15. Nc4 Nf4 16. Kh1 Qf6 17. f3 Bd7 18. Nxb6 axb6 19. Bf2 c5 20. Qd2 Be6 21. a3 d5 22. d4 Rfd8 23. Rad1 dxe4 24. fxe4 Bg4 $36 {[%mdl 2048] Black is more active.} 25. Rde1 cxd4 26. cxd4 exd4 27. e5 {[#]} (27. Bg3 $11) 27... Qe7 (27... Qe6 $1 $17 28. Be4 d3) 28. Bg3 d3 29. Bb3 $1 Be2 (29... Be6 $5 {[%cal Re6b3]} 30. Bd1 Rd4 $15) 30. Rf2 Qxe5 {Strongly threatening ...Rd4.} 31. Bxf4 gxf4 32. Rxf4 Rd7 33. Rf3 Kh7 $2 {[%mdl 8192] [#]} (33... Rc8 $11) 34. Rxd3 $1 $18 {[%mdl 512]} Rxd3 {[#]} 35. Qxd3+ $2 ({White must play} 35. Bc2 $1 $18) 35... Bxd3 $14 {[%cal Re5e1]} 36. Rxe5 $18 {[%mdl 4096] Endgame KRB-KRB} Rc8 {( -> ...Rc1+)} 37. h3 Rc1+ 38. Kh2 Rb1 39. Bxf7 Rxb2 40. Re7 {Threatens to win with Bc4+.} Kg7 41. Bd5+ Kf6 42. Rxb7 Ke5 43. Bf3 Rb3 44. a4 b5 45. axb5 Rxb5 46. Rf7 Rb6 47. Kg3 Bg6 48. Rf8 Re6 49. Bg4 Re8 50. Rf2 Re7 51. Kh4 Rf7 $2 ({Black should try} 51... Rb7 $14) 52. Rb2 $2 (52. Re2+ $18 Kd4 53. Re6) 52... Rg7 (52... Bd3 $16) 53. Rb6 (53. Rb5+ $18 {is more deadly.} Kf6 54. Rb6+ Ke5 55. Bf3) 53... Be4 $16 54. g3 Rg6 55. Rb4 Bc6 56. Rf4 Rf6 57. Rc4 Rd6 58. Rf4 Rf6 $1 59. Rb4 Rd6 (59... Rg6 $1 $11) 60. Rb8 Kf6 61. Rf8+ Kg7 62. Rf4 Be8 63. Bf5 Ra6 64. Rf3 Ra5 65. Bg4 Ra4 66. Rf4 Ra3 67. Bf5 (67. Bf3 $14) 67... Bf7 (67... Ra6 $11) 68. Be4 Re3 69. Bf3 Bg6 70. Bd5 Re5 71. Bf3 (71. Rd4 {with more complications.} Rh5+ 72. Kg4 Rf5 73. Be6 Rf6 74. Bc4) 71... Re3 72. Bd1 Re1 73. Ba4 Re4 74. Bc6 Re6 75. Rc4 Bd3 76. Rc3 Rd6 77. g4 Bg6 78. Bb5 Rf6 79. Ba4 Rf7 80. Bb3 Rb7 81. Bd5 Rd7 82. Bb3 Rb7 83. Kg3 Rd7 84. Kf4 Rd4+ 85. Ke3 Rd7 86. Ba4 Re7+ 87. Kf3 Ra7 88. Bb5 Rb7 89. Be2 Bf7 90. Bd1 Rb1 91. Rd3 Kf6 92. Kg3 Bc4 93. Rd4 Rc1 94. Bf3 Rc3 95. Kf4 Be6 96. Kg3 Kg7 97. h4 Bf7 98. Rd7 Kf6 99. Rd6+ Ke7 100. Rd4 Kf6 101. Rd2 Bb3 102. Rd8 Bc2 (102... Ke5 $11) 103. Rd4 ({Better is} 103. Kf4 $14) 103... Rd3 (103... Ke5 $5 {[%cal Re5d4]} 104. Rd5+ Ke6 $14) 104. Rf4+ Kg7 105. Kf2 Rd7 106. Rc4 (106. Rb4 {seems wilder.} Bd1 107. Bb7 Re7 108. Bg2 Ra7 109. Bc6) 106... Bd1 107. Bxd1 (107. Bg2 {seems wilder.} Bb3 108. Rf4 Rd2+ 109. Kg3 Rd3+ 110. Rf3) 107... Rxd1 $14 {KR-KR} 108. Re4 Rd3 109. Re3 Rd6 110. Kg3 h5 {The position is equal.} 111. g5 Kg6 112. Rf3 Ra6 113. Rf4 Ra3+ 114. Kg2 Ra2+ 115. Kf3 (115. Kf1 {seems wilder.} Ra1+ 116. Kg2 Ra2+) 115... Ra6 116. Ke4 Ra4+ 117. Ke5 (117. Kf3 {keeps more tension.} Ra3+ 118. Ke2 Ra2+ 119. Kd3 Ra3+ 120. Ke2) 117... Ra5+ (117... Ra1 {looks sharper.} 118. Rd4 Ra5+ 119. Kd6 Kg7 120. Kd7 Ra6) 118. Kd6 Ra6+ 119. Kc5 Kg7 120. Rd4 Ra5+ 121. Kd6 Rf5 122. Ke6 (122. g6 {is interesting.} Kxg6 123. Ke6 Ra5 124. Rf4 Ra6+ 125. Ke5) 122... Rf1 123. Ke5 Rh1 124. Rd7+ Kg6 125. Rd6+ Kg7 126. Rd4 Kg6 127. Re4 Rh2 128. Ke6 Rg2 129. Rf4 Re2+ (129... Ra2 {looks sharper.} 130. Kd7 Ra7+ 131. Kd8 Ra8+ 132. Kc7 Ra6) 130. Kd5 Kg7 131. Re4 (131. g6 {keeps more tension.} Kxg6 132. Re4 Rd2+ 133. Ke5 Rd1 134. Kf4) 131... Rh2 (131... Ra2 {feels hotter.} 132. Rd4 Ra5+ 133. Ke4 Kf7 134. Rd7+ Kg6) 132. Ke5 (132. g6 $5) 132... Kg6 133. Rf4 Rh1 134. Ke4 Rh3 135. Kd4 Kg7 136. Kd5 Kg6 137. Ke5 Re3+ 138. Re4 (138. Kd4 {with more complications.} Ra3 139. Re4 Rh3 140. Rf4) 138... Rh3 139. Rd4 Rh1 140. Rd6+ Kg7 141. Rd4 Kg6 142. Re4 (142. Ke6 {is interesting.} Re1+ 143. Kd5 Rh1 144. Kc6 Rh2 145. Rd6+) 142... Rh2 143. Rc4 Rh1 144. Rc6+ Kg7 145. Kf5 Rf1+ $1 146. Ke5 Rh1 147. Rc4 Kg6 148. Rf4 Rh2 149. Ra4 Rh1 150. Rf4 (150. Rb4 {is more complex.} Re1+ 151. Kf4 Rf1+ 152. Ke4 Re1+ 153. Kd3) 150... Rh2 151. Kd4 Rh3 152. Ke4 (152. Re4 {seems wilder.} Ra3 153. Rf4 Ra5 154. Rf6+ Kg7 155. Rh6) 152... Kg7 153. Kf5 Rh1 154. Rd4 (154. Rf3 {feels hotter.} Ra1 155. Rf4 Ra5+ 156. Ke6 Kg6 157. Kd7) 154... Rf1+ 155. Ke4 {aiming for Rd7+.} Re1+ 156. Kf3 {Black must now prevent Rd6.} Re6 157. Kf4 {Hoping for Kf5.} Ra6 158. Ke5 Ra5+ 159. Kf4 {Rd7+ is the strong threat.} Ra6 160. Rd7+ Kg6 161. Ke5 {And now Rd6+ would win.} Ra5+ 162. Rd5 Ra4 163. Rd6+ {Accuracy: White = 40%, Black = 57%.} 1/2-1/2

[Event "12th Maria Albulet Memorial 2019"]
[Site "Braila"]
[Date "2019.10.08"]
[Round "8.4"]
[White "Bucur, Denisa-Andreea"]
[Black "Petrenko, Svetlana"]
[Result "1/2-1/2"]
[WhiteElo "1888"]
[BlackElo "2112"]
[Annotator "TA"]
[PlyCount "41"]
[EventDate "2019.10.02"]
[EventType "swiss"]
[EventCountry "ROU"]
[SourceTitle "playchess.com"]
[Source "ChessBase"]
[SourceQuality "1"]

{[%evp 9,41,13,17,0,0,9,2,0,0,0,28,4,35,32,41,29,38,26,52,51,67,36,28,-33,-35,-49,32,20,30,31,43,43,48,43]} 1. d4 Nf6 2. Nf3 d5 3. c4 e6 4. Nc3 b6 5. Bf4 Bd6 6. Bg3 {D37: Queen's Gambit Declined: 5 Bf4} O-O 7. e3 Bb7 8. cxd5 {The position is equal.} exd5 9. Rc1 a6 10. Be2 b5 $146 ({Predecessor:} 10... Qe7 11. O-O Nbd7 12. Qc2 Bxg3 13. hxg3 Rfe8 {0-1 (54) Georgiev,K (2623)-Short,N (2678) Riadh 2017}) 11. O-O Bxg3 12. hxg3 Nbd7 13. Ne5 Nb6 14. Qc2 Nfd7 15. Bd3 g6 16. e4 (16. Nxd7 $11 Nxd7 17. Ne2) 16... Nxe5 $15 17. dxe5 Nc4 (17... d4 $15 18. Ne2 Rc8) 18. Nxd5 $14 Nxe5 19. Rfd1 c6 20. Ne3 {Black must now prevent Bxb5!} Qe7 21. Be2 {Accuracy: White = 54%, Black = 50%.} 1/2-1/2

[Event "12th Maria Albulet Memorial 2019"]
[Site "Braila"]
[Date "2019.10.08"]
[Round "8.5"]
[White "Paraschiv, Alexandra"]
[Black "Lehaci, Miruna-Daria"]
[Result "0-1"]
[WhiteElo "1404"]
[BlackElo "2131"]
[Annotator "TA"]
[PlyCount "74"]
[EventDate "2019.10.02"]
[EventType "swiss"]
[EventCountry "ROU"]
[SourceTitle "playchess.com"]
[Source "ChessBase"]
[SourceQuality "1"]

{[%evp 14,74,32,19,45,6,2,6,6,1,17,0,5,-22,-30,-22,-20,-67,39,30,33,26,37,28,59,66,58,-19,-23,-30,-37,-40,-20,-27,-31,-47,0,0,0,-62,-12,-93,-93,-81,-96,-140,-85,-262,-233,-320,-321,-308,-316,-442,-448,-404,-346,-834,-825,-856,-829,-1272,-1130]} 1. e4 e6 2. d4 d5 3. exd5 exd5 4. Nf3 Nc6 5. Bd3 Bd6 6. O-O Nge7 7. c3 Bg4 8. h3 Bh5 {C01: French: Exchange Variation} 9. Be3 (9. b4 Bg6 10. a4 O-O 11. a5 a6 12. Re1 Bxd3 13. Qxd3 Ng6 14. Qf5 Nce7 15. Qh5 {½-½ (29) Pap,M (2509)-Rozentalis,E (2631) Kavala 2010}) 9... Qd7 10. Nbd2 Bg6 {The position is equal.} 11. Nb3 b6 12. Nc1 $146 ({Predecessor:} 12. Ba6 h6 13. Nc1 O-O 14. Ne2 Be4 15. Nd2 Bf5 16. Ng3 {1-0 (46) Semmler,R (2212)-Mislin,R ICCF email 2011}) 12... f6 13. Ne2 Bxd3 14. Qxd3 g5 15. h4 gxh4 (15... h6 $1 $15) 16. Nxh4 $14 Qg4 17. g3 Rg8 {Strongly threatening ...Qxh4.} 18. Ng2 O-O-O 19. Bf4 h5 20. Bxd6 ({Better is} 20. f3 $1 $14 Qd7 21. Bxd6 Qxd6 22. Kf2) 20... Rxd6 $11 21. Ne3 Qf3 22. Rad1 Kb8 23. Ng2 Qg4 $1 24. Ne3 Qf3 25. Ng2 Qg4 26. Ne3 Qg7 27. Nf5 (27. Kg2 $11) 27... Nxf5 $17 28. Qxf5 h4 $1 29. Qf3 Ne7 ({Black should try} 29... hxg3 {Threatens to win with ...g2.} 30. fxg3 Nd8) 30. Kh2 $2 (30. Rd3 $17 {was necessary.}) 30... f5 31. Nf4 Rh6 32. Kg2 Ng6 {...hxg3 is the strong threat.} 33. Qe3 Nxf4+ 34. Qxf4 {intending Rh1.} Rg6 {[%cal Rh4g3]} 35. Rd3 $2 {[#]} (35. Rh1 Rg4 36. Qe5) 35... Rg4 $1 $19 {[%cal Rg4f4] Black is clearly winning.} 36. Qe5 Qg6 {And now ...f4 would win.} 37. Rf3 {[#]} f4 $1 {[%mdl 512] Accuracy: White = 33%, Black = 65%.} 0-1

[Event "12th Maria Albulet Memorial 2019"]
[Site "Braila"]
[Date "2019.10.08"]
[Round "8.6"]
[White "Didiliuc, Dariana-Gabriela"]
[Black "Anghel, Maria"]
[Result "1/2-1/2"]
[WhiteElo "1798"]
[BlackElo "1743"]
[Annotator "NA"]
[PlyCount "59"]
[EventDate "2019.10.02"]
[EventType "swiss"]
[EventCountry "ROU"]
[SourceTitle "playchess.com"]
[Source "ChessBase"]
[SourceQuality "1"]
[TimeControl "40/5400+30:900+30"]

1. e4 {[%emt 0:00:51]} c6 {[%emt 0:00:00]} 2. d4 {[%emt 0:00:26]} d5 {[%emt 0:00:00]} 3. e5 {[%emt 0:00:25]} c5 {[%emt 0:00:40]} 4. c3 {[%emt 0:00:22]} Nc6 {[%emt 0:01:27]} 5. f4 {[%emt 0:00:48]} Bf5 {[%emt 0:04:27]} 6. Nf3 {[%emt 0:01:47]} e6 {[%emt 0:00:16]} 7. Be2 {[%emt 0:00:57]} cxd4 {[%emt 0:05:55]} 8. cxd4 {[%emt 0:01:18]} Bxb1 {[%emt 0:06:52]} 9. Rxb1 {[%emt 0:00:12]} Bb4+ {[%emt 0:04:00]} 10. Bd2 {[%emt 0:02:26]} Qa5 {[%emt 0:07:23]} 11. a3 {[%emt 0:00:42]} Bxd2+ {[%emt 0:00:32]} 12. Qxd2 {[%emt 0:00:06]} Qxd2+ {[%emt 0:01:39]} 13. Kxd2 {[%emt 0:00:14]} Nge7 {[%emt 0:00:38]} 14. g4 {[%emt 0:00:27]} a6 {[%emt 0:05:55]} 15. b4 {[%emt 0:00:47]} b5 {[%emt 0:03:55]} 16. Rhc1 {[%emt 0:01:23]} Kd7 {[%emt 0:05:22]} 17. Rc5 {[%emt 0:02:40]} h6 {[%emt 0:05:00]} 18. h4 {[%emt 0:00:41]} h5 {[%emt 0:07:00]} 19. g5 {[%emt 0:05:33]} Nf5 {[%emt 0:02:21]} 20. Rbc1 {[%emt 0:02:00]} Rhc8 {[%emt 0:06:30]} 21. R1c3 {[%emt 0:01:48]} Ng3 {[%emt 0:09:09]} 22. Bd3 {[%emt 0:02:41]} Ne4+ {[%emt 0:03:16]} 23. Bxe4 {[%emt 0:01:03]} dxe4 {[%emt 0:00:09]} 24. d5 {[%emt 0:01:39]} Ne7 {[%emt 0:08:36]} 25. dxe6+ {[%emt 0:04:24]} fxe6 {[%emt 0:00:10]} 26. Rxc8 {[%emt 0:00:54]} Rxc8 {[%emt 0:00:44]} 27. Rxc8 {[%emt 0:05:30]} Kxc8 {[%emt 0:00:08]} 28. Nd4 {[%emt 0:00:13]} Kd7 {[%emt 0:00:29]} 29. Ke3 {[%emt 0:00:33]} Nf5+ {[%emt 0:01:34]} 30. Kxe4 1/2-1/2

[Event "12th Maria Albulet Memorial 2019"]
[Site "Braila"]
[Date "2019.10.08"]
[Round "8.7"]
[White "Verbin, Valentina"]
[Black "Pitigoi, Sabina-Andreea"]
[Result "1-0"]
[WhiteElo "2076"]
[BlackElo "1490"]
[Annotator "NA"]
[PlyCount "175"]
[EventDate "2019.10.02"]
[EventType "swiss"]
[EventCountry "ROU"]
[SourceTitle "playchess.com"]
[Source "ChessBase"]
[SourceQuality "1"]
[TimeControl "40/5400+30:900+30"]

{[%evp 8,154,12,7,32,32,37,34,42,12,32,0,0,7,32767,32767,32767,32767,32767,32767,32767,-18,32767,-5,32767,32767,32767,3,0,0,0,0,0,0,0,0,0,4,6,6,6,0,32767,32767,32767,38,38,35,32,9,18,0,0,6,0,0,0,0,8,4,9,5,5,3,9,1,6,7,8,9,0,5,6,0,32767,32767,32767,32767,5,2,0,0,4,0,0,3,0,2,8,0,2,32767,32767,32767,32767,1,32767,32767,32767,32767,32767,32767,32767,32767,32767,32767,0,32767,32767,32767,32767,32767,32767,32767,32767,32767,32767,0,32767,32767,32767,32767,32767,32767,32767,32767,32767,32767,32767,32767,32767,121,133,32767,32767,32767,32767,32767,32767,32767,32767,32767,32767,8993,4133,29956,6119,4134,12816]} 1. e4 {[%emt 0:00:00]} e6 {[%emt 0:00:00]} 2. d4 {[%emt 0:00:00]} d5 {[%emt 0:00:00]} 3. exd5 {[%emt 0:00:00]} exd5 {[%emt 0:00:00]} 4. Nf3 {[%emt 0:00:00]} Nf6 {[%emt 0:00:23]} 5. Bd3 {[%emt 0:00:00]} c5 {[%emt 0:01:01]} 6. O-O {[%emt 0:00:04] C01: French: Exchange Variation} cxd4 {[%emt 0:02:39]} (6... c4 7. Re1+ Be7 8. Be2 O-O 9. b3 cxb3 10. axb3 Nc6 11. c3 Re8 12. Nbd2 Bd6 13. Bd3 Bg4 14. Rxe8+ Qxe8 {0-1 (52) Fontaine,R (2563)-Carlsen,M (2834) chess.com INT 2018}) 7. Nxd4 {[%emt 0:00:32]} Be7 {[%emt 0:00:56]} 8. Bf4 {[%emt 0:05:10]} a6 $146 {[%emt 0:01:28]} ({Predecessor:} 8... O-O 9. c4 dxc4 10. Bxc4 Be6 11. Bxe6 fxe6 12. Nxe6 Qxd1 13. Rxd1 {1-0 (52) Dsouza,S (1143)-Cavaille,C (1009) FICGS email 2011}) 9. a4 {[%emt 0:01:25]} O-O {[%emt 0:01:41]} 10. Nd2 {[%emt 0:03:32]} Nbd7 {[%emt 0:07:22]} 11. Re1 {[%emt 0:04:55]} Re8 {[%emt 0:06:56]} 12. Qf3 {[%emt 0:01:16]} Nc5 {[%emt 0:03:14]} 13. Bf5 {[%emt 0:00:19]} Bd7 {[%emt 0:06:23]} 14. Qh3 {[%emt 0:06:36]} g6 {[%emt 0:05:19]} 15. Bxd7 {[%emt 0:00:30]} Qxd7 {[%emt 0:00:17]} 16. Qxd7 {[%emt 0:01:39]} Nfxd7 {[%emt 0:00:11]} 17. N2f3 {[%emt 0:13:44]} Bf6 {[%emt 0:05:08]} 18. Red1 {[%emt 0:02:04]} Ne6 {[%emt 0:09:44]} 19. Nxe6 {[%emt 0:07:36]} fxe6 {[%emt 0:00:24]} 20. c4 {[%emt 0:03:33]} Nb6 {[%emt 0:03:56]} 21. cxd5 {[%emt 0:00:34]} Nxd5 {[%emt 0:00:23]} 22. Be5 {[%emt 0:00:05]} Bxe5 {[%emt 0:02:06]} 23. Nxe5 {[%emt 0:00:02]} Rac8 {[%emt 0:01:14]} 24. Rac1 {[%emt 0:00:24]} Nf4 {[%emt 0:02:32]} 25. Kf1 {[%emt 0:01:08]} Red8 {[%emt 0:01:10]} 26. Rxd8+ {[%emt 0:01:34]} Rxd8 {[%emt 0:00:05]} 27. g3 {[%emt 0:00:07]} Nd5 $1 {[%emt 0:00:55]} 28. Nd3 {[%emt 0:02:13]} Nb6 {[%emt 0:08:01]} 29. a5 {[%emt 0:03:30]} Rxd3 {[%emt 0:08:17]} 30. axb6 {[%emt 0:00:05]} Rb3 {[%emt 0:00:25]} 31. Rc8+ {[%emt 0:00:05]} Kg7 {[%emt 0:00:04]} 32. Rc7+ {[%emt 0:00:08] Double Attack} Kh6 {[%emt 0:00:07]} 33. Rxb7 {[%emt 0:00:06]} Rxb2 {[%emt 0:00:08]} 34. h4 {[%emt 0:00:44]} g5 {[%emt 0:01:20]} 35. hxg5+ {[%emt 0:02:31]} Kxg5 {[%emt 0:00:05]} 36. Rb8 {[%emt 0:00:06]} Kh6 {[%emt 0:04:46]} 37. b7 {[%emt 0:01:06]} a5 {[%emt 0:00:14]} 38. Ra8 {[%emt 0:03:33]} Rxb7 {[%emt 0:00:09]} 39. Rxa5 {[%emt 0:00:04]} Kg6 {[%emt 0:01:41]} 40. Kg2 {[%emt 0:00:00]} Re7 {[%emt 0:00:00]} 41. f4 {[%emt 0:01:09]} Kf6 {[%emt 0:02:28]} 42. Re5 {[%emt 0:00:04]} Ra7 {[%emt 0:04:11]} 43. Kh3 {[%emt 0:00:23]} Ra3 {[%emt 0:04:06]} 44. Kg4 {[%emt 0:00:16]} h6 {[%emt 0:02:54]} 45. Rb5 {[%emt 0:00:09]} Rd3 {[%emt 0:03:25]} 46. Rb8 {[%emt 0:02:36]} Kg7 {[%emt 0:02:25]} 47. Kh4 {[%emt 0:00:30]} Rd4 {[%emt 0:00:55]} 48. Rb7+ {[%emt 0:00:30]} Kg6 {[%emt 0:00:49]} 49. Rb6 {[%emt 0:00:34]} Re4 {[%emt 0:01:09]} 50. Kg4 {[%emt 0:00:53]} h5+ {[%emt 0:04:45]} 51. Kh3 {[%emt 0:02:03]} Re2 {[%emt 0:02:54]} 52. Rb5 {[%emt 0:01:16]} Kh6 {[%emt 0:03:33]} 53. Rb8 {[%emt 0:03:03]} Kg6 {[%emt 0:00:51]} 54. Rg8+ {[%emt 0:01:25]} Kh6 {[%emt 0:00:36]} 55. Rg5 {[%emt 0:00:21]} Re1 {[%emt 0:00:15]} 56. Kg2 {[%emt 0:00:31]} Re2+ {[%emt 0:01:28]} 57. Kf3 {[%emt 0:00:09]} Re1 {[%emt 0:00:05]} 58. Rg8 {[%emt 0:00:33]} Kh7 {[%emt 0:01:15]} 59. Rd8 {[%emt 0:00:26]} Kg6 {[%emt 0:00:49]} 60. Rd4 {[%emt 0:00:21]} Kf5 {[%emt 0:00:45]} 61. Kf2 {[%emt 0:03:50]} Ra1 {[%emt 0:00:56]} 62. Rd8 {[%emt 0:01:07]} Ra2+ {[%emt 0:00:33]} 63. Kf3 {[%emt 0:00:07]} Ra3+ {[%emt 0:00:07]} 64. Kg2 {[%emt 0:00:12]} Re3 {[%emt 0:00:41]} 65. Rg8 {[%emt 0:00:23]} Re2+ {[%emt 0:01:40]} 66. Kh3 {[%emt 0:01:34]} h4 {[%emt 0:01:45]} 67. Rg5+ {[%emt 0:01:46]} Kf6 {[%emt 0:00:39]} 68. Kxh4 {[%emt 0:00:06]} Re4 {[%emt 0:00:53]} 69. Kg4 {[%emt 0:01:38]} Re3 {[%emt 0:00:25]} 70. Rh5 {[%emt 0:01:12]} Re1 {[%emt 0:00:35]} 71. Rh6+ {[%emt 0:00:09]} Kf7 {[%emt 0:00:30]} 72. Kg5 {[%emt 0:01:28]} Re3 {[%emt 0:00:59]} 73. g4 {[%emt 0:00:08]} Ra3 {[%emt 0:00:13]} 74. Rh7+ {[%emt 0:00:48]} Kg8 {[%emt 0:00:10]} 75. Re7 {[%emt 0:00:25]} Ra6 {[%emt 0:00:20]} 76. Kf6 {[%emt 0:00:22]} Ra4 {[%emt 0:00:24]} 77. Ke5 $18 {[%emt 0:00:49]} (77. Kg6 $142 Kf8 78. Rxe6 Ra7 79. g5 Ra2 80. f5 Rc2 81. f6 Rf2 82. Ra6) 77... Ra1 {[%emt 0:00:57]} 78. Kxe6 {[%emt 0:00:25]} Re1+ {[%emt 0:00:19]} 79. Kf6 {[%emt 0:00:04]} Ra1 {[%emt 0:00:50]} 80. f5 {[%emt 0:00:07]} Ra6+ {[%emt 0:00:10]} 81. Re6 {[%emt 0:00:04]} Ra8 {[%emt 0:00:26]} 82. Kg6 {[%emt 0:00:34]} Kf8 {[%emt 0:00:29]} 83. g5 {[%emt 0:00:16]} Ra7 {[%emt 0:00:07]} 84. f6 {[%emt 0:00:19]} Rd7 {[%emt 0:00:58]} 85. Re7 {[%emt 0:00:14]} Rd6 {[%emt 0:00:13]} 86. Rg7 {[%emt 0:00:22]} Rd3 {[%emt 0:00:46]} 87. Ra7 {[%emt 0:00:20]} Ke8 {[%emt 0:00:24]} 88. f7+ {[%emt 0:00:13]} 1-0

[Event "12th Maria Albulet Memorial 2019"]
[Site "Braila"]
[Date "2019.10.08"]
[Round "8.8"]
[White "Mihailova, Alina"]
[Black "Maria, Lia-Alexandra"]
[Result "1-0"]
[WhiteElo "1770"]
[BlackElo "1602"]
[Annotator "NA RC"]
[PlyCount "77"]
[EventDate "2019.10.02"]
[EventType "swiss"]
[EventCountry "ROU"]
[SourceTitle "playchess.com"]
[Source "ChessBase"]
[SourceQuality "1"]
[TimeControl "40/5400+30:900+30"]

1. d4 {[%emt 0:00:00]} Nf6 {[%emt 0:00:00]} 2. c4 {[%emt 0:00:00]} e6 {[%emt 0:00:00]} 3. g3 {[%emt 0:00:00]} c5 {[%emt 0:00:11]} 4. Nf3 {[%emt 0:00:16]} b6 {[%emt 0:10:02]} 5. Bg2 {[%emt 0:06:40]} Bb7 {[%emt 0:01:16]} 6. O-O {[%emt 0:00:10]} cxd4 {[%emt 0:03:29]} 7. Nxd4 {[%emt 0:01:13]} Bxg2 {[%emt 0:01:20]} 8. Kxg2 {[%emt 0:00:04]} Bc5 {[%emt 0:02:51]} 9. Nb5 {[%emt 0:04:00]} O-O {[%emt 0:01:54]} 10. Bf4 {[%emt 0:00:42]} Nc6 {[%emt 0:05:04]} 11. a3 {[%emt 0:02:28]} e5 {[%emt 0:18:15]} 12. Bg5 {[%emt 0:01:13]} h6 {[%emt 0:10:31]} 13. Bxf6 {[%emt 0:01:52]} Qxf6 {[%emt 0:00:08]} 14. N1c3 {[%emt 0:00:23]} Nd4 {[%emt 0:07:59]} 15. Nc7 {[%emt 0:05:46]} Rac8 {[%emt 0:04:01]} 16. N7d5 {[%emt 0:00:37]} Qc6 {[%emt 0:01:40]} 17. e3 {[%emt 0:01:53]} Nf5 {[%emt 0:01:19]} 18. Ne4 {[%emt 0:21:10]} Rfe8 {[%emt 0:02:58]} 19. b4 {[%emt 0:09:56]} Bf8 {[%emt 0:04:21]} 20. Rc1 {[%emt 0:00:42]} Qg6 {[%emt 0:02:31]} 21. Nd2 {[%emt 0:03:56]} a5 {[%emt 0:03:44]} 22. Qa4 {[%emt 0:01:43]} Ra8 {[%emt 0:02:50]} 23. e4 {[%emt 0:11:04]} Nh4+ {[%emt 0:04:37]} 24. Kh1 {[%emt 0:00:31]} axb4 {[%emt 0:01:26]} 25. Qd1 {[%emt 0:01:48]} Rxa3 {[%emt 0:03:01]} 26. gxh4 {[%emt 0:01:20]} Rea8 {[%emt 0:01:16]} 27. Rg1 {[%emt 0:00:53]} Qd6 {[%emt 0:00:59]} 28. Qg4 {[%emt 0:02:15]} Ra2 {[%emt 0:00:59]} 29. Rcd1 {[%emt 0:03:48]} b3 {[%emt 0:00:41]} 30. Qf5 {[%emt 0:01:14]} Kh8 {[%emt 0:01:14]} 31. Qxf7 {[%emt 0:02:59]} b2 {[%emt 0:00:21]} 32. Rg6 {[%emt 0:00:33]} Ra1 {[%emt 0:02:14]} 33. Nb1 {[%emt 0:02:05]} Rxb1 {[%emt 0:00:38]} 34. Rxb1 {[%emt 0:00:07]} Ra1 {[%emt 0:00:04]} 35. Rgg1 {[%emt 0:01:49]} Qa3 {[%emt 0:00:42]} 36. Qf5 {[%emt 0:03:57]} Rxb1 {[%emt 0:00:58]} 37. Rxb1 {[%emt 0:00:11]} Qa1 {[%emt 0:00:05]} 38. Qxf8+ {[%emt 0:00:08]} Kh7 {[%emt 0:00:06]} 39. Nc3 {[%emt 0:00:39]} 1-0

[Event "12th Maria Albulet Memorial 2019"]
[Site "Braila"]
[Date "2019.10.09"]
[Round "9.1"]
[White "Rakhmangulova, Anastasiya"]
[Black "Makropoulou, Marina"]
[Result "1/2-1/2"]
[WhiteElo "2186"]
[BlackElo "2201"]
[Annotator "TA"]
[PlyCount "31"]
[EventDate "2019.10.02"]
[EventType "swiss"]
[EventCountry "ROU"]
[SourceTitle "playchess.com"]
[Source "ChessBase"]
[SourceQuality "1"]

{[%evp 16,31,12,7,77,82,80,32,112,104,105,97,106,64,70,58,58,59]} 1. e4 c5 2. Nf3 e6 3. d4 cxd4 4. Nxd4 Nc6 5. c4 Nf6 6. Nc3 Bb4 7. Nxc6 bxc6 8. Bd3 e5 9. O-O a5 $146 {B44: Sicilian: Taimanov: 5 Nb5} (9... O-O $11 {keeps the balance.}) ({Predecessor:} 9... O-O 10. h3 h6 11. Na4 d5 12. a3 Bd6 13. cxd5 cxd5 14. exd5 e4 15. Bc2 Qe7 16. Re1 Bf5 17. Nc3 Rab8 {½-½ (39) Artemiev,V (2746)-Le,Q (2708) Khanty-Mansiysk 2019}) 10. Na4 $16 O-O 11. Be3 Be7 (11... d5 $14) 12. c5 d5 13. cxd6 $1 Bxd6 14. Nb6 Rb8 15. Nxc8 Qxc8 16. Qc2 1/2-1/2